000 00616cam a22001934a 4500
005 20250605164155.0
008 250528s ||||||||||||||||||||||||d
035 _a19539
020 _a9602092106
040 _aGR-AtMCL
_bgre
_dGR-AtMCL
_eAACR2
245 1 _aΜΑΡΚΕΤΙΝΓΚ / ΜΙΑ ΜΕΘΟΔΙΚΗ ΣΕΙΡΑ ΣΕΜΙΝΑΡΙΩΝ ΣΤΗΝ ΠΡΟΩΘΗΣΗ ΠΡΟΙΟΝΤΩΝ ΚΑΙ ΠΩΛΗΣΕΩΝ ΓΙΑ ΣΠΟΥΔΑΣΤΕΣ
250 _a1
260 _bΚλειδάριθμος,
_c1993
300 _a612
700 1 _aSandhusen Richard L
_94725
942 _cBK
999 _c4795
_d4795